| 000 | 00633nam a22002055i 4500 | ||
|---|---|---|---|
| 001 | 48396 | ||
| 003 | ES-MaACL | ||
| 005 | 20250716091804.0 | ||
| 007 | t| | ||
| 008 | 950714s1896 fr ||||1| fre d | ||
| 040 |
_aCAM _bspa _cCAM |
||
| 100 | 1 |
_aDaudet, Léon. _942803 |
|
| 245 | 1 | 3 |
_aLe voyage de Shakespeare _b: roman d'histoire et d'aventures / _cLéon A. Daudet. |
| 260 |
_aParis : _bG. Charpentier et E. Fasquelle, _c1896. |
||
| 300 |
_a[6], 352 p. ; _c19 cm. |
||
| 490 | 1 | _aBibliothèque Charpentier | |
| 830 | 0 | 0 |
_aBibliothèque Charpentier _9182245 |
| 852 |
_aES-MaACL _jA-3896 |
||
| 999 |
_c48396 _d48396 |
||